000 00691nam a2200289Ia 4500
005 20260324132439.0
008 008 260324s9999 xx 000 0 eng d
020 _a9780429476044
037 _aEBOOK
040 _aCRL
040 _beng
040 _cCRL
041 _2eng
041 _aeng
084 _qCRL
100 _aPatricia C. Della Selva
_91189312
245 0 _aIntensive Short-Term Dynamic Psychotherapy
245 0 _bTheory and Technique
260 _bTaylor and Francis
260 _c2004
365 _a
365 _b205
856 _uhttp://www.taylorfrancis.com/books/9780429476044
942 _cEBOOK
999 _c1787447
_d1787447